MARC details
| 000 -CABECERA |
| campo de control de longitud fija |
01119nam a2200229 a 4500 |
| 001 - NÚMERO DE CONTROL |
| campo de control |
000028896 |
| 005 - FECHA Y HORA DE LA ÚLTIMA TRANSACCIÓN |
| campo de control |
20260325092010.0 |
| 008 - DATOS DE LONGITUD FIJA--INFORMACIÓN GENERAL |
| campo de control de longitud fija |
110412s2007 dr 001 0 spa d |
| 040 ## - FUENTE DE LA CATALOGACIÓN |
| Centro catalogador/agencia de origen |
DO-SdBNP |
| Lengua de catalogación |
spa |
| Centro/agencia transcriptor |
BNPHU |
| 082 ## - NÚMERO DE LA CLASIFICACIÓN DECIMAL DEWEY |
| Número de clasificación |
322.1 |
| Número de documento/Ítem |
R426p |
| 110 1# - ENTRADA PRINCIPAL--NOMBRE DE ENTIDAD CORPORATIVA |
| Nombre de entidad corporativa o nombre de jurisdicción como elemento de entrada |
República Dominicana. |
| Unidad subordinada |
Suprema Corte de Justicia |
| 9 (RLIN) |
7906 |
| 245 13 - MENCIÓN DE TÍTULO |
| Título |
El Poder Judicial visto por la Iglesia / |
| Mención de responsabilidad, etc. |
presentación Jorge A. Subero Isa. |
| 260 ## - PUBLICACIÓN, DISTRIBUCIÓN, ETC. |
| Lugar de publicación, distribución, etc. |
Santo Domingo : |
| Nombre del editor, distribuidor, etc. |
Suprema Corte de Justicia, |
| Fecha de publicación, distribución, etc. |
2007. |
| 300 ## - DESCRIPCIÓN FÍSICA |
| Extensión |
97 p. ; |
| Dimensiones |
22 cm. |
| 505 0# - NOTA DE CONTENIDO CON FORMATO |
| Información miscelánea |
Presentación / |
| Mención de responsabilidad |
Jorge A. Subero Isa -- |
| Título |
Homilías pronunciadas en conmemoración del Día del Poder Judicial -- |
| -- |
Homilías pronunciadas en conmemoración a los aniversarios del nombramiento de los actuales jueces de la Suprema Corte de Justicia -- |
| -- |
Homilías pronunciadas en conmemoración de ocasiones especiales. |
| 590 ## - NOTA LOCAL (RLIN) |
| Nota local |
Inventariado, 2019/BT |
| 650 #0 - PUNTO DE ACCESO ADICIONAL DE MATERIA--TÉRMINO DE MATERIA |
| Término de materia o nombre geográfico como elemento de entrada |
Poder judicial |
| 9 (RLIN) |
556 |
| 650 #4 - PUNTO DE ACCESO ADICIONAL DE MATERIA--TÉRMINO DE MATERIA |
| Término de materia o nombre geográfico como elemento de entrada |
Sermones |
| 9 (RLIN) |
6631 |
| 650 #4 - PUNTO DE ACCESO ADICIONAL DE MATERIA--TÉRMINO DE MATERIA |
| Término de materia o nombre geográfico como elemento de entrada |
Iglesia y estado |
| Subdivisión geográfica |
República Dominicana |
| Subdivisión general |
Iglesia católica |
| 9 (RLIN) |
55862 |
| 700 1# - PUNTO DE ACCESO ADICIONAL--NOMBRE DE PERSONA |
| Nombre de persona |
Subero Isa, Jorge A., |
| Fechas asociadas al nombre |
1947- |
| Término indicativo de función/relación |
present. |
| 9 (RLIN) |
76863 |
| 910 ## - DATOS DE OPCIÓN DEL USUARIO (OCLC) |
| Datos de opción del usuario |
Validado. Control de calidad EMS |